| 000 | 01133nam a2200205 4500 | ||
|---|---|---|---|
| 003 | LK-CoMWRAF | ||
| 005 | 20231218103757.0 | ||
| 008 | 231218b |||||||| |||| 00| 0 eng d | ||
| 020 | _a9789555672235 | ||
| 040 |
_aLK-CoMWRAF _dLK-CoMWRAF _eLK-CoMWRAF |
||
| 041 | _asin | ||
| 082 |
_a303.48 _bMAW |
||
| 100 | _aමවුනගුරු, සිත්රලේගා | ||
| 110 | _aඑමැනුවෙල්, සරලා | ||
| 245 |
_aපෙන්කලින් නිලම් : _bමඩකලපුවේ පශ්චාත් සුනාමි යළි පදිංචි කරවීමේ ක්රියාවලිය තුළ කාන්තාවන්ගේ ඉඩම් අයිතිය පිලිබඳ අධ්යනයක් |
||
| 246 | _aPenkalin nilam : Madakalapuwe pashchath sunami yali padinchi karaweeme kriyawaliya thula kanthawage idam aithiya pilibnda adyanayak | ||
| 260 |
_aමඩකලපුව : _bසූරියා කාන්තා සංවර්ධන කේන්ද්රය, _c2010 |
||
| 700 |
_aදසනායක, හරින්ද්ර _etrans. |
||
| 942 | _cBK | ||
| 999 |
_c4516 _d4516 |
||